Kosmičeskaja ekologija

Salvato in:
Dettagli Bibliografici
Natura: Libro
Pubblicazione: Kijev : Naukova dumka, 1985
Tags: Aggiungi Tag
Nessun Tag, puoi essere il primo ad aggiungerne!!

MARC

LEADER 00000nam a22000003a 4500
001 stu18804
005 20141122082651.3
008 ------s1985----xxr---------------------d
040 |a STU  |b slo 
041 0
044 |a xxr 
080 |a 577.3  |7 stu_us_auth*stu7323 
245 |a Kosmičeskaja ekologija 
260 |a Kijev :  |b Naukova dumka,  |c 1985 
300 |a 175 s :  |b Obr.,tab.,grafy,lit 
996 |b C77407-8  |c C*77407-8  |l CCXXVI  |s P  |a 0  |w stu18804_0001